000 00692nam a2200217 i 4500
001 133601
003 ES-MaACL
005 20250721062624.0
007 t|
008 070821s1982 sp ||||1| spa d
100 1 _aWonnacott, Paul.
_9117296
245 1 0 _aEconomía /
_cPaul Wonnacott... Ronald Wonnacott ; traducción Leónidas Mora, Luis Bernardo Flórez.
260 _a[Madrid] :
_bMcGraw-Hill,
_c[1982]
300 _a11 h., 853 p. ;
_c23 cm.
650 0 7 _aEconomía
_2embne
_912006
700 1 _aMora, Leónidas.
_982864
700 1 _aFlórez, Luis Bernardo.
_951309
700 1 _aWonnacott, Roland J.
_9117297
852 _aES-MaACL
_jL-5480
_bR.105985
999 _c133601
_d133601